Traditions du nouvel an à travers le monde - Statistiques

Statistiques générales
  • Ce quiz a été pris 33 fois
    8 depuis la dernière actualisation
  • Le résultat moyen est 4 sur 12
Statistiques - réponses
Tradition Pays % Correct
Il est coutume de manger 12 grains de raisin à chacun des 12 coups de minuit Espagne
100%
Les familles viennent assister à la frappe des 108 coups de gong annonçant la nouvelle année, ce qui est censé chasser les péchés Japon
67%
Le soir précédant le nouvel an, on écrit ses vœux sur un papier, on les lance dans un arbre à vœux. Si notre vœu reste sur l'arbre jusqu'à minuit, il se réalisera. Chine
50%
La veille du nouvel an, les gens se rendent à la plage afin de sauter par dessus sept vagues tout en faisant sept vœux pour l'année à venir Brésil
33%
Dans la rue, il faut frapper des casseroles les unes contre les autres le plus bruyamment possible Australie / Nouvelle-Zélande
17%
Les personnes de ce pays qui désirent voyager sortent avec leur valise vide pour faire le tour du pâté de maison Colombie
17%
Au passage de la nouvelle année, on saute d'une chaise puis on chante l'hymne national Danemark
17%
Il est d'usage de fabriquer des poupées de chiffon ou de papier mâché et de les brûler dans les rues à minuit Équateur / Pérou
17%
Dans le quartier le plus célèbre de ce pays, une gigantesque boule lumineuse apparaît dans le ciel à 23h59 pour se poser dans la rue à minuit États-Unis (Times Square)
17%
Selon la tradition, on doit jeter les vieux objets par la fenêtre pour se débarrasser des problèmes de l'année précédente Italie
17%
Dans ce pays, garder une pièce de monnaie dans sa main fermée jusqu'à minuit est censé rendre prospère l'année qui arrive Portugal
17%
Pour les habitants de ce pays, il faut écrire un vœu sur un bout de papier, brûler ce papier, puis en verser les cendres dans un verre de champagne et boire le tout Russie
17%
Aucun quiz correspondant
Distribution des résultats
% des personnes avec chaque résultat
Percentile par nombre de réponses
Votre historique - résultats
Vous n’avez pas pris ce quiz depuis la dernière actualisation